| 000 | 01060nam a2200277 a 4500 | ||
|---|---|---|---|
| 001 | ebr10591216 | ||
| 003 | CaPaEBR | ||
| 006 | m u | ||
| 007 | cr cn||||||||| | ||
| 008 | 120907s2010 gw sd 000 0 lat d | ||
| 020 | _z9783110212587 | ||
| 020 | _z9783110973518 (e-book) | ||
| 040 |
_aCaPaEBR _cCaPaEBR |
||
| 035 | _a(OCoLC)811400897 | ||
| 050 | 1 | 4 |
_aPA2361 _b.T44 2010eb |
| 245 | 0 | 0 |
_aThesaurus linguae Latinae _h[electronic resource] : _bpulso-pyxodes. |
| 260 |
_a[Munchen : _bDe Gruyter, _c2010?] |
||
| 300 | _acolumns 2609-2804. | ||
| 490 | 0 |
_aThesaurus linguae Latinae ; _v[v. 10, 2] |
|
| 500 | _aIncludes Corrigenda. | ||
| 533 |
_aElectronic reproduction. _bPalo Alto, Calif. : _cebrary, _d2011. _nAvailable via World Wide Web. _nAccess may be limited to ebrary affiliated libraries. |
||
| 650 | 0 |
_aLatin language _vDictionaries. |
|
| 655 | 7 |
_aElectronic books. _2local |
|
| 710 | 2 | _aebrary, Inc. | |
| 856 | 4 | 0 |
_uhttp://site.ebrary.com/lib/rucke/Doc?id=10591216 _zAn electronic book accessible through the World Wide Web; click to view |
| 999 |
_c210040 _d210040 |
||